[Event "corr 6.EST email ch"] 
[Site "EKMÜ"] 
[Date "2004.01.15"] 
[Round "?"] 
[White "Raidaru, Mihkel"] 
[Black "Lindsalu, Indrek"] 
[Result "1-0"]
[WhiteElo "2310"] 
[BlackElo "2063"]

1.e4 c6 2.d4 d5 3.Nc3 dxe4 4.Nxe4 Nd7 5.Ng5 Ngf6 6.Bd3 e6 
7.N1f3 h6 8.Nxe6 Qe7 9.0-0 fxe6 10.Bg6 Kd8 11.Bf4 b6 
12.c4 Bb7 13.Bg3 Kc8 14.Re1 h5 15.Ng5 h4 16.Bf4 Rh6 17.Rxe6 1-0

[Event "corr 6.EST email ch"]
[Site "EKMÜ"]
[Date "2004.01.15"]
[Round "?"]
[White "Paltser, Peeter"]
[Black "Otto, Guido"]
[Result "1-0"]
[WhiteElo "1999"]
[BlackElo "2098"]

1.d4 Nf6 2.c4 e6 3.Nf3 Bb4+ 4.Bd2 Qe7 
5.g3 Nc6 6.Nc3 Bxc3 7.Bxc3 Ne4 8.Rc1 O-O 9.Bg2 d6 
10.d5 Nd8 11.dxe6 fxe6 12.O-O e5 13.Qd5+ 1-0

[Event "corr 6.EST email ch"] 
[Site "EKMÜ"] 
[Date "2004.01.15"] 
[Round "?"] 
[White "Trubetskoi, Roland"] 
[Black "Siigur, Jüri"] 
[Result "1-0"]
[WhiteElo "2240"] 
[BlackElo "2441"]

1.e4 c5 2.Nf3 d6 3.d4 cxd4 4.Nxd4 Nf6 
5.Nc3 a6 6.Bc4 e6 7.0-0 b5 8.Bb3 b4 9.Na4 Bd7 
10.c3 Nc6 11.Re1 Rb8 12.Nxc6 Bxc6 13.Qc2 Rc8 14.cxb4 Bxe4 
15.Qe2 Bb7 16.Be3 Nd7 17.Rac1 Be7 18.Rxc8 Qxc8 19.Rc1 Qd8 
20.b5 Qa5 21.Bc4 Qxa4 22.bxa6 Bxa6 23.Bxa6 Qa5 24.Rc8+ Bd8 
25.Bb5 Qxa2 26.Rb8 0-0 27.Bxd7 Bf6 28.Rxf8 Kxf8 29.Bc1 Qa7 
30.Bb5 Qc5 31.Qc4 Bd4 32.Qxc5 dxc5 33.Kf1 1-0

[Event "corr 6. EST email ch"]
[Site "EKMÜ"]
[Date "2004.01.15"]
[Round "?"]
[White "Dmitrijev, Vladimir"]
[Black "Paltser, Peeter"]
[Result "1-0"]
[WhiteElo "2089"]
[BlackElo "2057"]
 
1.c4 e5 2.Nc3 Nc6 3.g3 g6 4.Bg2 Bg7 
5.Rb1 d6 6.b4 a6 7.e3 Nf6 8.Nge2 Be6 9.d3 d5 
10.b5 axb5 11.cxd5 Ne7 12.dxe6 fxe6 13.Rxb5 e4 14.Nxe4 1-0

[Event "corr 6. EST email ch"]
[Site "EKMÜ"]
[Date "2004.01.15"]
[Round "?"]
[White "Lindsalu, Indrek"]
[Black "Paltser, Peeter"]
[Result "1-0"]
[WhiteElo "2063"]
[BlackElo "2057"]

1.d4 Nf6 2.c4 e6 3.Nf3 b6 4.g3 Ba6 
5.Nbd2 Bb7 6.Bg2 c5 7.e4 cxd4 8.Nxd4 d6 9.0-0 Qd7 
10.b3 Nc6 11.Bb2 Be7 12.Qe2 0-0 13.f4 d5 14.Nxc6 Bxc6 
15.e5 Bc5+ 16.Kh1 Ne8 17.Rad1 Rd8 18.Ne4 d4 19.Rd3 f5 
20.Ng5 b5 21.Bxd4 bxc4 22.bxc4 Bxd4 23.Rfd1 Bxg2 24.Qxg2 h6 
25.Rxd4 Qxd4 26.Rxd4 Rxd4 27.Qg1 Rxc4 28.Nxe6 Rf7 29.Qd1 Rc8 
30.Qd5 Kh8 31.Nd4 Rf8 32.a4 Rc7 33.Ne6 Rc1+ 34.Kg2 Rg8 
35.Qd7 Rc2+ 36.Kh3 Re2 37.Qf7 1-0

[Event "corr 6. EST email ch"]
[Site "EKMÜ"]
[Date "2004.01.15"]
[Round "?"]
[White "Raidaru, Mihkel"]
[Black "Post, Toomas"]
[Result "1-0"]
[WhiteElo "2310"]
[BlackElo "2343"]

1.e4 e5 2.Nf3 Nc6 3.Bc4 Nf6 4.Ng5 d5 
5.exd5 Na5 6.Bb5+ c6 7.dxc6 bxc6 8.Be2 h6 9.Nf3 e4 
10.Ne5 Qd4 11.f4 Nd7 12.c3 Qd5 13.Nxd7 Bxd7 14.0-0 0-0-0 
15.b4 Nc4 16.Qb3 Nb6 17.c4 Qd6 18.c5 Qd4+ 19.Kh1 Be6 
20.Qa3 Nd5 21.f5 Bd7 22.Qxa7 1-0

[Event "corr 6. EST email ch"] 
[Site "EKMÜ"] 
[Date "2004.01.15"] 
[Round "?"] 
[White "Lindsalu, Indrek"] 
[Black "Trubetskoi, Roland"] 
[Result "1/2-1/2"]
[WhiteElo "2063"] 
[BlackElo "2240"]
 
1.d4 Nf6 2.c4 g6 3.Nc3 Bg7 4.e4 d6 5.Nf3 0-0 6.Be2 e5 7.0-0 Nc6 
8.d5 Ne7 9.Nd2 c5 10.Qc2 Ne8 11.a3 f5 12.b4 b6 13.bxc5 bxc5 
14.Rb1 Nf6 15.Bd3 Bh6 16.Re1 Bd7 17.Nb5 Bxd2 18.Qxd2 fxe4 
19.Bc2 Nf5 20.Nc3 Nd4 21.Bxe4 Qa5 22.Bd3 Rab8 23.Ne4 Qxd2 
24.Nxf6+ Kf7 25.Bxd2 Kxf6 26.Bh6 Rxb1 27.Rxb1 Rf7 28.f4 exf4 
29.Bxf4 Bf5 30.Bxf5 Ne2+ 31.Kf2 Nxf4 32.Be4 Re7 33.Re1 g5 34.a4 g4 
35.a5 a6 36.Re3 h6 37.Re1 h5 38.g3 Nh3+ 39.Ke3 Kg7 40.Rf1 Ng5 
41.Rf4 Rb7 42.Bc2 Rb2 43.Rf5 Nf7 44.Kd3 Ra2 45.Kc3 Rxa5 46.Kb2 Ne5 
47.Rg5+ Kf6 48.Rf5+ Ke7 49.Bb3 Nd3+ 50.Kc2 Ne5 51.Kb2 h4 
52. gxh4 Nd3+ 53.Kc2 Ra3 54.Rf1 a5 55.Rd1 Nf2 56.Re1+ Kf7 
57.Kb2 Nd3+ 58.Kxa3 Nxe1 59.Bd1 Nf3 60.h3 Ne5 61.hxg4 Nxc4+ 
62.Kb3 Ne3 63.Bf3 Kf6 64. g5+ Kf5 65.Bh1 1/2-1/2

[Event "corr 6. EST email ch"] 
[Site "EKMÜ"] 
[Date "2004.01.15"] 
[Round "?"] 
[White "Paltser, Peeter"] 
[Black "Trubetskoi, Roland"] 
[Result "0-1"]
[WhiteElo "2057"] 
[BlackElo "2240"]

1.d4 Nf6 2.c4 g6 3.Nc3 Bg7 4.e4 d6 5.f3 e5 6.d5 Nh5 7.Be3 f5 8.Qd2 f4 9.Bf2 Bf6 
10.Nge2 Bh4 11.g3 Bg5 12.g4 Bxg4 13.fxg4 f3 14.Qc2 fxe2 
15.gxh5 exf1Q+ 16.Rxf1 Nd7 17.Qb3 a6 18.Nd1 Nf6 19.Qxb7 0-0 
20.h4 Nxe4 21.hxg6 Bd2+ 22.Ke2 Qf6 23.gxh7+ Kxh7 24.Qb3 Qf5 
25.Qa3 Rab8 26.Rg1 Qh5+ 0-1

[Event "corr 6. EST email ch"] 
[Site "EKMÜ"] 
[Date "2004.01.15"] 
[Round "?"] 
[White "Raidaru, Mihkel"] 
[Black "Üksti, Enn"] 
[Result "1/2-1/2"]
[WhiteElo "2310"] 
[BlackElo "2289"]
 
1.Nf3 Nf6 2.c4 c5 3.g3 g6 4.Bg2 Bg7 5.0-0 0-0 6.Nc3 Nc6 7.d4 cxd4 
8.Nxd4 Nxd4 9.Qxd4 d6 10.Qd3 a6 11.Rd1 1/2-1/2

[Event "corr 6. EST email ch"] 
[Site "EKMÜ"] 
[Date "2004.01.15"] 
[Round "?"] 
[White "Üksti, Enn"] 
[Black "Paltser, Peeter"] 
[Result "1-0"]
[WhiteElo "2289"] 
[BlackElo "2019"]
 
1.c4 c5 2.Nc3 Nc6 3.g3 g6 4.Bg2 Bg7 5.Nf3 e6 6.0-0 Nge7 7.e3 0-0 8.d4 d6 9.d5 Na5 
10.Nd2 Rb8 11.Qc2 exd5 12.cxd5 Bg4 13.b3 Qd7 14.Bb2 Rfe8 
15.Nde4 Rbd8 16.Ne2 Nxd5 17.Bxg7 Bxe2 18.Qxe2 Kxg7 19.Rad1 f5 
20.Qb2+ Kh6 21.Nxd6 Qxd6 22.Rxd5 Qf8 23.Rfd1 Rxd5 24.Rxd5 Rd8 
25.e4 Rxd5 26.exd5 Qd8 27.Qe5 Qg5 28.f4 Qh5 29.Qe1 1-0

[Event "corr 6. EST email ch"] 
[Site "EKMÜ"] 
[Date "2004.01.15"] 
[Round "?"] 
[White "Siigur, Jüri"] 
[Black "Post, Toomas"] 
[Result "1-0"]
[WhiteElo "2441"] 
[BlackElo "2343"]
 
 1.e4 e5 2.Nf3 Nc6 3.Bc4 Nf6 4.Ng5 d5 5.exd5 Na5 6.Bb5+ c6 7.dxc6 bxc6 
8.Be2 h6 9.Nf3 e4 10.Ne5 Qd4 11.f4 Nd7 12.c3 Qd5 13.Nxd7 Bxd7 
14.0-0 0-0-0 15.b4 Nb7 16.Bb2 Be7 17.c4 Qf5 18.Qb3 Bf6 19.Kh1 Rhe8 
20.d4 g5 21.fxg5 Qxg5 22.b5 Rg8 23.g3 Qg7 24.b6 a5 
25.Qe3 Rde8 26.Bh5 Bh3 27.Nd2 1-0

[Event "corr 6. EST email ch"] 
[Site "EKMÜ"] 
[Date "2004.01.15"] 
[Round "?"] 
[White "Paltser, Peeter"] 
[Black "Siigur, Jüri"] 
[Result "0-1"]
[WhiteElo "2057"] 
[BlackElo "2441"]
 
1.d4 Nf6 2.c4 e6 3.Nf3 b6 4.Nc3 Bb4 5.Qb3 c5 6.Bg5 Bb7 7.a3 Ba5 8.dxc5 Na6 
9.cxb6 Nc5 10.Qc2 Be4 11.Qd1 Bxc3+ 12.bxc3 Qxb6 13.Nd4 Bg6 14.f3 Qa5 
15.Bd2 0-0 16.e4 d6 17.Be2 a6 18.0-0 Rac8 19.Qc2 Rfe8 20.Rfd1 d5 21.cxd5 exd5 
22.c4 Qb6 23.Rab1 Qd6 24.Qc1 dxe4 25.Bf4 Qd7 26.fxe4 Rxe4 27.Nb3 Qf5 
28.Be3 Qe5 29.Bxc5 Rxe2 30.Bd4 Qe4 0-1

[Event "corr 6. EST email ch"]
[Site "EKMÜ"]
[Date "2004.01.15"]
[Round "?"]
[White "Paltser, Peeter"]
[Black "Gornoi, Meelik"]
[Result "0-1"]
[WhiteElo "2057"]
[BlackElo "2202"]
[PlyCount "48"]

1. e4 c5 2. Nf3 d6 3. d4 cxd4 4. Nxd4 Nf6 5. Nc3 a6 6. Bg5 e6 7. f4 Qb6 8. Qd2
Qxb2 9. Nb3 Qa3 10. Bxf6 gxf6 11. Be2 Nc6 12. O-O Bd7 13. Kh1 Rc8 14. Bh5 Bg7
15. Rf3 O-O 16. Rd1 f5 17. Rg3 Kh8 18. Qxd6 Qxd6 19. Rxd6 Nb8 20. e5 f6 21.
exf6 Bxf6 22. Nd4 Be7 23. Rxe6 Bc5 24. Nce2 Bxd4 0-1

[Event "corr 6. EST email ch"]
[Site "EKMÜ"]
[Date "2004.01.15"]
[Round "?"]
[White "Külaots, Aare"]
[Black "Lindsalu, Indrek"]
[Result "0-1"]
[WhiteElo "2126"]
[BlackElo "2063"]

1. e4 c5 2. d4 cxd4 3. Qxd4 Nc6 4. Qd2 Nf6 5. Nc3 e6 6. Bd3 d5 7. exd5 exd5 8.
Qe2+ Be7 9. Bg5 O-O 10. O-O-O Re8 11. Nf3 h6 12. Bd2 d4 13. Ne4 Bf5 14. Nxf6+
Bxf6 15. Qf1 Qd5 16. Kb1 Be6 17. b3 Qc5 18. Re1 a5 19. Bc4 Nb4 0-1

[Event "corr 6. EST email ch"]
[Site "EKMÜ"]
[Date "2004.01.15"]
[Round "?"]
[White "Trubetskoi, Ronald"]
[Black "Dmitrijev, Vladimir"]
[Result "1/2-1/2"]
[WhiteElo "2240"]
[BlackElo "2089"]

1. e4 e5 2. Nf3 Nc6 3. Bb5 a6 4. Bxc6 dxc6 5. Nc3 f6 6. d4 exd4 7. Qxd4 Qxd4 8.
Nxd4 Bd6 9. Be3 Ne7 10. O-O-O Bd7 11. Kb1 O-O-O 12. Nb3 Be6 13. Nd4 Bc4 14. h3
Bb4 15. Nde2 Ng6 16. a3 Rxd1+ 17. Rxd1 Bd6 18. Nd4 Rd8 19. b3 Bf7 20. Nf5 Bxa3
21. Rxd8+ Kxd8 22. Nxg7 Nh4 23. g4 Nf3 24. Ne2 Bg6 25. Nf5 Ng5 26. Bxg5 fxg5
27. f4 gxf4 28. Nxf4 Bd6 29. Nd3 Kd7 30. e5 Bf8 31. Nf4 Bf7 32. Kb2 a5 33. c3
c5 34. c4 c6 1/2-1/2

[Event "corr 6. EST email ch"]
[Site "EKMÜ"]
[Date "2004.01.15"]
[Round "?"]
[White "Gornoi, Meelik"]
[Black "Üksti, Enn"]
[Result "1/2-1/2"]
[WhiteElo "2183"]
[BlackElo "2259"]

1. e4 e6 2. d4 d5 3. e5 c5 4. c3 Nc6 5. Nf3 Qb6 6. a3 c4 7. Nbd2 f6 8. Be2 fxe5
9. Nxe5 Nxe5 10. dxe5 Bd7 11. O-O Qc7 12. Nf3 Bc5 13. Re1 Ne7 14. Nd4 O-O 15.
Bg4 Bxd4 16. cxd4 Qb6 17. Be3 Nf5 18. Qd2 1/2-1/2

[Event "corr 6. EST email ch"]
[Site "EKMÜ"]
[Date "2004.01.15"]
[Round "?"]
[White "Lindsalu, Indrek"]
[Black "Post, Toomas"]
[Result "1/2-1/2"]
[WhiteElo "2063"]
[BlackElo "2343"]
[PlyCount "59"]

1. d4 Nf6 2. c4 c5 3. Nf3 e6 4. Nc3 Nc6 5. d5 Na5 6. dxe6 dxe6 7. Qxd8+ Kxd8 8.
Bf4 Nxc4 9. e4 Nb6 10. a4 Nbd7 11. a5 Be7 12. Bc4 a6 13. O-O b5 14. axb6 Nxb6
15. Rfd1+ Ke8 16. Bf1 Nfd7 17. Nd2 Bf6 18. Nb3 Bb7 19. Be3 c4 20. Nd2 Ke7 21.
f4 Bxc3 22. bxc3 Rhb8 23. Ra5 Bc6 24. Nxc4 Nxc4 25. Bxc4 Bxe4 26. Rxa6 Rxa6 27.
Bxa6 Rb2 28. Rd2 Rxd2 29. Bxd2 Nc5 30. Bb5 1/2-1/2

[Event "corr 6. EST email ch"]
[Site "EKMÜ"]
[Date "2004.01.15"]
[Round "?"]
[White "Üksti, Enn"]
[Black "Post, Toomas"]
[Result "1/2-1/2"]
[WhiteElo "2289"]
[BlackElo "2343"]
[PlyCount "59"]

1. c4 e5 2. Nc3 Nf6 3. g3 Bb4 4. Bg2 Bxc3 5. dxc3 O-O 6. e4 d6 7. Qe2 Nc6 8.
Nf3 a5 9. O-O a4 10. Bd2 Be6 11. b4 h6 12. Nh4 Qd7 13. Rfd1 Ne7 14. c5 b5 15.
cxb6 cxb6 16. Nf5 Nxf5 17. exf5 Bxf5 18. Bxa8 Rxa8 19. c4 e4 20. Bc3 Bg4 21.
Qe1 Qe6 22. Bxf6 Bxd1 23. Rxd1 gxf6 24. Rd4 f5 25. Qd2 Rc8 26. Rxd6 Qxc4 27.
Kg2 Rc6 28. Rxh6 Rxh6 29. Qxh6 Qxa2 30. Qg5+ 1/2-1/2

[Event "corr 6. EST email ch"]
[Site "EKMÜ"]
[Date "2004.01.15"]
[Round "?"]
[White "Lindsalu, Indrek"]
[Black "Üksti, Enn"]
[Result "0-1"]
[WhiteElo "2063"]
[BlackElo "2289"]
[PlyCount "82"]

1. d4 Nf6 2. c4 g6 3. Nc3 Bg7 4. e4 d6 5. Nf3 O-O 6. Be2 e5 7. O-O Nc6 8. d5
Ne7 9. Nd2 c5 10. Qc2 Ne8 11. a3 f5 12. b4 b6 13. bxc5 bxc5 14. Rb1 Nf6 15. Bd3
f4 16. Nf3 h6 17. h3 g5 18. Bd2 g4 19. hxg4 Bxg4 20. Nh2 f3 21. g3 Qe8 22. Rfe1
Qg6 23. Re3 Qh5 24. Nb5 Nh7 25. Nxd6 Ng5 26. Kh1 Rf6 27. Nb7 Bh3 28. Bf1 Rb8
29. Qc1 Rbf8 30. Kg1 Bg2 31. Bxg2 fxg2 32. Qd1 Qh3 33. Be1 Nf3+ 34. Rxf3 Rxf3
35. Qe2 Rxg3 36. Bd2 Rgf3 37. Be3 Ng6 38. Nxc5 Nh4 39. Ne6 Rxe3 40. fxe3 Nf3+
41. Nxf3 Rxf3 0-1

[Event "corr 6. EST email ch"]
[Site "EKMÜ"]
[Date "2004.01.15"]
[Round "?"]
[White "Trubetskoi, Roland"]
[Black "Gornoi, Meelik"]
[Result "1/2-1/2"]
[WhiteElo "2240"]
[BlackElo "2202"]
[PlyCount "58"]

1. e4 c5 2. Nf3 d6 3. d4 cxd4 4. Nxd4 Nf6 5. Nc3 a6 6. Bc4 e6 7. Bb3 b5 8. f4
Bb7 9. f5 e5 10. Nde2 Nbd7 11. Bg5 Be7 12. Bxf6 Nxf6 13. Qd3 Rc8 14. O-O Qb6+
15. Kh1 O-O 16. a3 Qc5 17. Ng3 Rfd8 18. Qf3 a5 19. Nh5 b4 20. Nxf6+ Bxf6 21.
Nd5 Bxd5 22. Bxd5 Qxc2 23. axb4 axb4 24. Qb3 Qxb3 25. Bxb3 Rd7 26. Ra4 Rb8 27.
Rfa1 g6 28. g4 Bg5 29. Ra7 Rbb7 1/2-1/2

[Event "corr 6. EST email ch"]
[Site "EKMÜ"]
[Date "2004.01.15"]
[Round "?"]
[White "Post, Toomas"]
[Black "Trubetskoi, Roland"]
[Result "0-1"]
[WhiteElo "2343"]
[BlackElo "2240"]
[PlyCount "34"]

1. e4 e5 2. Nf3 Nc6 3. Bb5 f5 4. Nc3 Nd4 5. Ba4 Nf6 6. O-O Bc5 7. Nxe5 O-O 8.
Nd3 Bb6 9. e5 Ng4 10. h3 f4 11. Qxg4 d5 12. Qh5 c6 13. e6 Rf5 14. Qg4 h5 15.
Qd1 f3 16. g3 Qd6 17. e7 Bd7 0-1

[Event "corr 6. EST email ch"]
[Site "EKMÜ"]
[Date "2004.01.15"]
[Round "?"]
[White "Dmitrijev, Vladimir"]
[Black "Üksti, Enn"]
[Result "1/2-1/2"]
[WhiteElo "2089"]
[BlackElo "2289"]
[PlyCount "84"]

1. e4 e6 2. d4 d5 3. Nd2 c5 4. exd5 exd5 5. Ngf3 Nc6 6. Bb5 Bd6 7. dxc5 Bxc5 8.
O-O Nge7 9. Nb3 Bd6 10. Bg5 O-O 11. Bh4 Qb6 12. Bd3 a5 13. a4 Nf5 14. Bg5 h6
15. Bd2 Be6 16. Bc3 Rfd8 17. Bxf5 Bxf5 18. Nfd4 Be4 19. Nxc6 bxc6 20. Qd2 Bc7
21. Bd4 Qb8 22. g3 Bb6 23. f3 Bg6 24. Rf2 Bxd4 25. Qxd4 Bxc2 26. Nxa5 Rxa5 27.
Rxc2 c5 28. Rxc5 Rxc5 29. Qxc5 Qxb2 30. Re1 Qb3 31. Qc7 Rf8 32. Qf4 Qb6+ 33.
Kg2 d4 34. Qd2 Rd8 35. a5 Qa6 36. Rd1 d3 37. Qe3 Qc4 38. Rd2 Qb5 39. Qb6 Qg5
40. Qb4 Rc8 41. a6 Qe3 42. a7 Qxa7 1/2-1/2

[Event "corr 6. EST email ch"]
[Site "EKMÜ"]
[Date "2004.01.15"]
[Round "?"]
[White "Üksti, Enn"]
[Black "Saul, Andres"]
[Result "1-0"]
[WhiteElo "2289"]
[BlackElo "2052"]
[PlyCount "33"]

1. c4 e5 2. Nc3 Nf6 3. g3 c6 4. Nf3 e4 5. Nd4 Qb6 6. e3 d5 7. cxd5 cxd5 8. d3
Bb4 9. Bg2 Bg4 10. Qc2 Bxc3+ 11. bxc3 Nc6 12. dxe4 Nxd4 13. exd4 dxe4 14. O-O
O-O 15. Bg5 Rac8 16. Bxf6 Qxf6 17. Qxe4 1-0

[Event "corr 6. EST email ch"]
[Site "EKMÜ"]
[Date "2004.01.15"]
[Round "?"]
[White "Siigur, Jüri"]
[Black "Dmitrijev, Vladimir"]
[Result "1-0"]
[WhiteElo "2441"]
[BlackElo "2089"]
[PlyCount "63"]

1. e4 e5 2. Nf3 Nc6 3. Bc4 Bc5 4. c3 Nf6 5. b4 Bb6 6. d3 d6 7. Nbd2 Ne7 8. O-O
O-O 9. a4 c6 10. Qc2 a5 11. Bb3 Bg4 12. h3 Bh5 13. Ba3 axb4 14. cxb4 Qd7 15.
Bb2 Ng6 16. a5 Bc7 17. d4 exd4 18. Bxd4 Ne5 19. Nh4 Be2 20. Rfe1 Bb5 21. Qc3
Nh5 22. Ndf3 Nf4 23. Nxe5 dxe5 24. Bxe5 Rfe8 25. Bxg7 Qd6 26. g3 Nxh3+ 27. Kg2
Nf4+ 28. Kh1 h6 29. Bh8 Nh5 30. Rad1 Qe7 31. Nf5 Qg5 32. Rd7 1-0

[Event "corr 6. EST email ch"]
[Site "EKMÜ"]
[Date "2004.01.15"]
[Round "?"]
[White "Otto, Guido"]
[Black "Siigur, Jüri"]
[Result "0-1"]
[WhiteElo "2209"]
[BlackElo "2441"]
[PlyCount "60"]

1. e4 c5 2. Nf3 d6 3. Bc4 Nf6 4. d3 e6 5. Bb3 Be7 6. O-O b5 7. Nc3 a6 8. e5
dxe5 9. Nxe5 Bb7 10. Qe2 O-O 11. a4 b4 12. Ne4 Nxe4 13. dxe4 Qd4 14. Nc4 Qxe4
15. Qxe4 Bxe4 16. Nb6 Ra7 17. Re1 Rd8 18. Be3 Rb7 19. a5 Nc6 20. f3 Bf5 21. c3
bxc3 22. bxc3 Bd3 23. Bc4 Bxc4 24. Nxc4 Rb3 25. Rac1 Rd3 26. Bd2 Bf6 27. Re3
Rxe3 28. Bxe3 Rxc3 29. Rxc3 Bxc3 30. Bxc5 Nxa5 0-1

[Event "corr 6. EST email ch"]
[Site "EKMÜ"]
[Date "2004.01.15"]
[Round "?"]
[White "Külaots, Aare"]
[Black "Post, Toomas"]
[Result "0-1"]
[WhiteElo "2126"]
[BlackElo "2343"]
[PlyCount "42"]

1. e4 e5 2. f4 exf4 3. Nf3 Be7 4. Bc4 Bh4+ 5. Kf1 d5 6. exd5 Bg4 7. d4 Ne7 8.
Qd3 Bxf3 9. Qxf3 O-O 10. Bxf4 Nd7 11. Nc3 Nb6 12. Bb3 Ng6 13. Be3 a5 14. a4 Bg5
15. Bxg5 Qxg5 16. Ne4 Qh6 17. Nc5 Rae8 18. Nxb7 Re3 19. Qf2 Re4 20. Kg1 Nf4 21.
Qg3 Ne2+ 0-1

[Event "corr 6. EST email ch"]
[Site "EKMÜ"]
[Date "2004.01.15"]
[Round "?"]
[White "Gornoi, Meelik"]
[Black "Lindsalu, Indrek"]
[Result "1-0"]
[WhiteElo "2202"]
[BlackElo "2063"]
[PlyCount "61"]

1. e4 c5 2. Nf3 d6 3. d4 cxd4 4. Nxd4 Nf6 5. Nc3 a6 6. Be3 e6 7. f3 b5 8. g4 h6
9. Qd2 Nbd7 10. O-O-O Bb7 11. h4 b4 12. Na4 Qc7 13. Rg1 e5 14. Nf5 d5 15. g5
hxg5 16. hxg5 g6 17. gxf6 gxf5 18. exd5 f4 19. Bf2 Qa5 20. b3 Qd8 21. d6 Bxf3
22. Be2 Bxe2 23. Qxe2 Qxf6 24. Qc4 Rb8 25. Ba7 Rd8 26. Qc6 f3 27. Bb6 f2 28.
Rgf1 Bh6+ 29. Kb1 Kf8 30. Rxf2 Bf4 31. Bxd8 1-0

[Event "corr 6. EST email ch"]
[Site "EKMÜ"]
[Date "2004.01.15"]
[Round "?"]
[White "Külaots, Aare"]
[Black "Üksti, Enn"]
[Result "0-1"]
[WhiteElo "2126"]
[BlackElo "2289"]
[PlyCount "50"]

1. e4 e6 2. d4 d5 3. Nc3 Bb4 4. Bd2 dxe4 5. Qg4 Qxd4 6. O-O-O f5 7. Qh5+ g6 8.
Qh4 Nc6 9. Bb5 Bd7 10. Bh6 Qf6 11. Qxf6 Nxf6 12. Bg7 Rf8 13. Bxf8 Bxf8 14. Nh3
a6 15. Be2 Bh6+ 16. Kb1 e5 17. Bc4 Nd4 18. Rhe1 O-O-O 19. Nd5 Nxd5 20. Bxd5 Ba4
21. Bb3 Nxb3 22. Rxd8+ Kxd8 23. axb3 Bc6 24. Re2 Ke7 25. c3 f4 0-1

[Event "corr 6. EST email ch"]
[Site "EKMÜ"]
[Date "2004.01.15"]
[Round "?"]
[White "Külaots, Aare"]
[Black "Raidaru, Mihkel"]
[Result "0-1"]
[WhiteElo "2126"]
[BlackElo "2310"]
[PlyCount "48"]

1. e4 e5 2. f4 exf4 3. Nf3 g5 4. Bc4 Bg7 5. O-O h6 6. d4 d6 7. c3 Nc6 8. b4 Nf6
9. Bd3 O-O 10. a4 Re8 11. Qc2 Nh5 12. Bb2 g4 13. Ne1 Qh4 14. a5 a6 15. Na3 Ne7
16. Rd1 Ng6 17. Bc1 Be6 18. Nc4 Ng3 19. hxg3 fxg3 20. Rf4 Qh2+ 21. Kf1 f5 22.
e5 dxe5 23. dxe5 Bxe5 24. Nxe5 Bd5 0-1

[Event "corr 6. EST email ch"]
[Site "EKMÜ"]
[Date "2004.01.15"]
[Round "?"]
[White "Gornoi, Meelik"]
[Black "Siigur, Jüri"]
[Result "1/2-1/2"]
[WhiteElo "2202"]
[BlackElo "2441"]
[PlyCount "65"]

1. e4 c5 2. Nf3 d6 3. d4 cxd4 4. Nxd4 Nf6 5. Nc3 a6 6. Be3 e5 7. Nb3 Be7 8. f3
O-O 9. Qd2 Be6 10. O-O-O Nbd7 11. g4 Rc8 12. Kb1 b5 13. g5 Nh5 14. Nd5 Bxd5 15.
exd5 Nb6 16. Na5 Qc7 17. Rg1 Nxd5 18. Qxd5 Qxa5 19. Bd3 g6 20. h4 Qc7 21. Be4
b4 22. Rg4 a5 23. Qd3 Kh8 24. Bd5 f6 25. Be6 Rce8 26. Rc4 Qb8 27. Qd5 Ng7 28.
gxf6 Bxf6 29. Bh3 Qa8 30. Qxa8 Rxa8 31. Rxd6 Be7 32. Rd3 Nf5 33. Bxf5 1/2-1/2

[Event "corr 6. EST email ch"]
[Site "EKMÜ"]
[Date "2004.01.15"]
[Round "?"]
[White "Otto, Guido"]
[Black "Raidaru, Mihkel"]
[Result "0-1"]
[WhiteElo "2209"]
[BlackElo "2310"]
[PlyCount "68"]

1. e4 c5 2. Nf3 Nc6 3. b3 d6 4. Bb2 e5 5. Bb5 a6 6. Bxc6+ bxc6 7. O-O Be7 8. c3
f5 9. exf5 Bxf5 10. d4 e4 11. Ne1 Nf6 12. Nd2 cxd4 13. cxd4 d5 14. Nc2 O-O 15.
Ne3 Bg6 16. f4 Bd6 17. Rf2 Bh5 18. Qc1 Qc7 19. g3 Ng4 20. Nxg4 Bxg4 21. Nf1
Rac8 22. Qd2 Bf3 23. Rc1 h5 24. Rc2 h4 25. Bc1 g5 26. Rxf3 exf3 27. Qd3 gxf4
28. Qg6+ Qg7 29. Qxd6 Rf6 30. Qe5 Qg6 31. Bxf4 Qxc2 32. Ne3 Qe2 33. Qg5+ Kf7
34. Qh5+ Ke7 0-1

[Event "corr 6. EST email ch"]
[Site "EKMÜ"]
[Date "2004.01.15"]
[Round "?"]
[White "Gornoi, Meelik"]
[Black "Raidaru, Mihkel"]
[Result "1/2-1/2"]
[WhiteElo "2202"]
[BlackElo "2310"]
[PlyCount "51"]

1. e4 c5 2. Nf3 Nc6 3. d4 cxd4 4. Nxd4 Nf6 5. Nc3 d6 6. Bg5 e6 7. Qd2 a6 8.
O-O-O h6 9. Be3 Be7 10. f3 Nxd4 11. Bxd4 e5 12. Be3 Be6 13. Kb1 Rc8 14. h4 Qa5
15. a3 b5 16. g4 Rb8 17. Be2 b4 18. Nd5 Nxd5 19. exd5 Bd7 20. f4 O-O 21. fxe5
dxe5 22. d6 Bd8 23. g5 bxa3 24. b3 Qxd2 25. Bxd2 Bb6 26. gxh6 1/2-1/2

[Event "corr 6. EST email ch"]
[Site "EKMÜ"]
[Date "2004.01.15"]
[Round "?"]
[White "Post, Toomas"]
[Black "Paltser, Peeter"]
[Result "1-0"]
[WhiteElo "2343"]
[BlackElo "2057"]
[PlyCount "67"]

1. e4 c6 2. d4 d5 3. e5 Bf5 4. c3 e6 5. Be3 Nd7 6. Nd2 Qb6 7. b4 f6 8. Ngf3 Qc7
9. Bf4 a5 10. a3 Ne7 11. Bg3 Qd8 12. exf6 Nxf6 13. b5 Ng6 14. bxc6 bxc6 15. h4
Nh5 16. Bh2 Qb6 17. Rg1 Nf6 18. h5 Ne7 19. Ne5 Qb2 20. g4 Bc2 21. Qc1 Qxc1+ 22.
Rxc1 Ba4 23. Ndf3 Ne4 24. Bd3 g6 25. Bxe4 dxe4 26. Ng5 Nd5 27. Nxe4 gxh5 28.
gxh5 Bxa3 29. Ra1 Bc2 30. Rxa3 Bxe4 31. f3 Bf5 32. Nxc6 Rc8 33. Rxa5 Nxc3 34.
Be5 1-0

[Event "corr 6. EST email ch"]
[Site "EKMÜ"]
[Date "2004.01.15"]
[Round "?"]
[White "Siigur, Jüri"]
[Black "Kolk, Marek"]
[Result "1/2-1/2"]
[WhiteElo "2441"]
[BlackElo "2221"]
[PlyCount "47"]

1. e4 c5 2. Nf3 Nc6 3. d4 cxd4 4. Nxd4 Nf6 5. Nc3 d6 6. Bg5 e6 7. Qd2 Be7 8.
O-O-O O-O 9. Nb3 Qb6 10. f3 a6 11. h4 Rd8 12. h5 Qc7 13. h6 g6 14. Qf4 Ne8 15.
Bxe7 Qxe7 16. Qe3 b5 17. Kb1 Qc7 18. f4 b4 19. Na4 Rb8 20. e5 Ne7 21. exd6 Rxd6
22. Rxd6 Qxd6 23. Qe5 Nd5 24. Rh4 1/2-1/2

[Event "corr 6. EST email ch"]
[Site "EKMÜ"]
[Date "2004.01.15"]
[Round "?"]
[White "Otto, Guido"]
[Black "Gornoi, Meelik"]
[Result "0-1"]
[WhiteElo "2209"]
[BlackElo "2202"]
[PlyCount "50"]

1. e4 c5 2. Nf3 d6 3. Bc4 Nf6 4. d3 e6 5. Bb3 Be7 6. O-O O-O 7. Bg5 Nc6 8. c3
b5 9. Re1 Bb7 10. h3 a5 11. a4 b4 12. Nbd2 Nd7 13. Bxe7 Qxe7 14. d4 bxc3 15.
bxc3 cxd4 16. cxd4 Nb4 17. d5 e5 18. Re3 Nc5 19. Ne1 f5 20. f3 Ba6 21. exf5 Qa7
22. Nf1 Nxb3 23. Qxb3 Rac8 24. Nd2 Qd4 25. Rd1 Be2 0-1

[Event "corr 6. EST email ch"]
[Site "EKMÜ"]
[Date "2004.01.15"]
[Round "?"]
[White "Üksti, Enn"]
[Black "Kolk, Marek"]
[Result "1/2-1/2"]
[WhiteElo "2289"]
[BlackElo "2221"]
[PlyCount "43"]

1. c4 Nf6 2. Nc3 c5 3. Nf3 d5 4. cxd5 Nxd5 5. e4 Nxc3 6. dxc3 Qxd1+ 7. Kxd1 Bg4
8. Kc2 Nd7 9. Be3 e6 10. Bb5 Bxf3 11. gxf3 a6 12. Be2 Be7 13. Rhg1 g6 14. f4
O-O-O 15. a4 Nf6 16. f3 Nd7 17. Bc4 Bf8 18. Rad1 Bh6 19. b4 Ne5 20. Be2 Rxd1
21. Rxd1 Rd8 22. Rxd8+ 1/2-1/2

[Event "corr 6. EST email ch"]
[Site "EKMÜ"]
[Date "2004.01.15"]
[Round "?"]
[White "Trubetskoi, Roland"]
[Black "Külaots, Aare"]
[Result "1-0"]
[WhiteElo "2240"]
[BlackElo "2126"]
[PlyCount "52"]

1. e4 c5 2. Nf3 d6 3. d4 cxd4 4. Nxd4 Nf6 5. Nc3 a6 6. Bc4 e6 7. Bb3 b5 8. f4
b4 9. Na4 Nxe4 10. O-O Bb7 11. f5 e5 12. Ne6 fxe6 13. Qh5+ Kd7 14. fxe6+ Kc8
15. Be3 Nf6 16. Qe2 Bc6 17. Nb6+ Kb7 18. c4 Qe8 19. a3 bxa3 20. Bc2 Be7 21.
Rxa3 Bd8 22. Nxa8 Kxa8 23. b4 Qxe6 24. b5 Qg4 25. Qd2 Bb7 26. bxa6 Bc6 1-0

[Event "corr 6. EST email ch"]
[Site "EKMÜ"]
[Date "2004.01.15"]
[Round "?"]
[White "Saul, Andres"]
[Black "Raidaru, Mihkel"]
[Result "0-1"]
[WhiteElo "2052"]
[BlackElo "2310"]
[PlyCount "60"]

1. d4 Nf6 2. c4 e6 3. g3 d5 4. Bg2 dxc4 5. Qa4+ Bd7 6. Qxc4 Bc6 7. Nf3 Nbd7 8.
Nc3 Nb6 9. Qb3 Be7 10. O-O O-O 11. Bg5 h6 12. Bxf6 Bxf6 13. Rad1 Nd5 14. Ne5
Nxc3 15. bxc3 Bxg2 16. Kxg2 Rb8 17. Nd3 b6 18. e4 Qc8 19. f4 c5 20. Nf2 cxd4
21. cxd4 Rd8 22. d5 exd5 23. Rxd5 Rxd5 24. Qxd5 Qc2 25. e5 Be7 26. e6 Rd8 27.
exf7+ Kf8 28. Qe6 Rd2 29. a3 Qa2 30. Qc8+ Kxf7 0-1